| 000 | 01845nam0a2200385 4500 | ||
|---|---|---|---|
| 001 | RU\NLR\BIBL_A\011909068 | ||
| 005 | 20220804110539.0 | ||
| 010 |
_a978-5-906331-75-5 _93000 |
||
| 021 |
_aRU _bАЛ-П-18-00892и _9АЛ-П-18-0158 |
||
| 035 | _a(NLR Aleph) 011909068 | ||
| 090 |
_a10925118 _c10925118 |
||
| 100 | _a20190114d2018 c y0rusy50 ca | ||
| 101 | 1 |
_arus _cfre |
|
| 102 | _aRU | ||
| 105 | _a |||t 000 y | ||
| 200 | 1 |
_aМаленький принц _eпо повести Антуана де Сент-Экзюпери _e[графический роман] _fЖоанн Сфар _gперевод с французского Норы Галь _gадаптация Дмитрия Кузьмина _gцвет Брижит Фендакли |
|
| 210 |
_aСанкт-Петербург _cБумкнига _d2018 |
||
| 215 |
_a[112] с. _cцв. ил. _d27 |
||
| 225 | 1 | _aProgramme A. Pouchkine | |
| 333 | _a6+ | ||
| 686 | 0 | _aШ9(4Фр)62-4 | |
| 686 | 0 | _aШ9(2)62=Р7-4Кузьмин | |
| 686 | 1 | _aЩ153(4Фр)6-475 | |
| 700 | 1 |
_7ca _8rus _aСфар _bЖ. _f1971- _gЖоанн _9243221 _3RU\NLR\AUTH\770243277 |
|
| 702 | 1 |
_4280 _7ca _8rus _aСент-Экзюпери _bА. де _f1900-1944 _gАнтуан де _9117280 _3RU\NLR\auth\777344 |
|
| 702 | 1 |
_aФендакли _bБ. _gБрижит _4040 |
|
| 942 | _cBOOK | ||
| 980 | _aNBR | ||
| 980 | _aNB | ||